Tous les arcs du manga Pokémon La Grande Aventure - Statistiques

Statistiques générales
  • Ce quiz a été pris 18 fois
  • Le résultat moyen est 14 sur 16
Statistiques - réponses
Arcs du manga Pokémon-La Grande Aventure % Correct
Diamant et Perle
100%
Epée et Bouclier
92%
Jaune
92%
Noir et Blanc
92%
Or, Argent et Cristal
92%
Rouge et Bleu
92%
Rubis et Saphir
92%
Soleil et Lune/ Ultra-Soleil et Ultra-Lune
92%
X et Y
92%
Emeraude
85%
Noir 2 et Blanc 2
85%
Platine
85%
Ecarlate et Violet
77%
Rouge Feu et Vert Feuille
77%
Rubis Oméga et Saphir Alpha
77%
Or Heartgold et Argent Soulsilver
69%
Aucun quiz correspondant
Distribution des résultats
% des personnes avec chaque résultat
Percentile par nombre de réponses
Votre historique - résultats
Vous n’avez pas pris ce quiz